বিপ্রদাস (Record no. 13627)
[ view plain ]
| 000 -LEADER | |
|---|---|
| fixed length control field | 00585nam a2200193 a 4500 |
| 003 - CONTROL NUMBER IDENTIFIER | |
| JCCL marc code | BD-JhCC |
| 005 - DATE AND TIME OF LATEST TRANSACTION | |
| control field | 20240311113534.0 |
| 008 - FIXED-LENGTH DATA ELEMENTS--GENERAL INFORMATION | |
| fixed length control field | 240311b 2022b |||| ||a| 001 0 b d |
| 020 ## - INTERNATIONAL STANDARD BOOK NUMBER | |
| International Standard Book Number | 984701540091X |
| 035 ## - SYSTEM CONTROL NUMBER | |
| system control number | (BD-JhCC) |
| 040 ## - CATALOGING SOURCE | |
| Original cataloging agency | BD-JhCC |
| Modifying agency | BD-JhCC |
| 041 ## - LANGUAGE CODE | |
| Language code of Book | bengali |
| 082 ## - DEWEY DECIMAL CLASSIFICATION NUMBER | |
| Classification number | 891.443 |
| Author mark and Year | CHA 2022 |
| 100 ## - MAIN ENTRY--PERSONAL NAME | |
| Personal name | চট্টোপাধ্যায় শরৎচন্দ্র |
| 245 ## - TITLE STATEMENT | |
| Title | বিপ্রদাস |
| Remainder of title | শরৎচন্দ্র চট্টোপাধ্যায় |
| 300 ## - PHYSICAL DESCRIPTION | |
| Pagination | 124p. : |
| Dimensions | 22 cm. |
| 650 ## - SUBJECT ADDED ENTRY--TOPICAL TERM | |
| Topical term or geographic name as entry element | Bengali Novel |
| 942 ## - ADDED ENTRY ELEMENTS (KOHA) | |
| Source of classification or shelving scheme | Dewey Decimal Classification |
| Koha item type | Books |
| Source of classification or shelving scheme | Damaged status | Not for loan | Home library | Current library | Shelving location | Date of accession | Cost, normal purchase price | Total Checkouts | Full call number | Barcode | Checked out | Date last seen | Date checked out | Copy number | Method of acquisition | Koha item type | Currency |
|---|---|---|---|---|---|---|---|---|---|---|---|---|---|---|---|---|---|
| Dewey Decimal Classification | JCC Rouf Library | JCC Rouf Library | General Stacks | 180.00 | 2 | 891.443 CHA 2022 | 19041 | 02/23/2026 | 01/28/2026 | 01/28/2026 | C-1 | Purchase | Books | BDT | |||
| Dewey Decimal Classification | JCC Rouf Library | JCC Rouf Library | General Stacks | 180.00 | 2 | 891.443 CHA 2022 | 19042 | 08/26/2025 | 08/21/2024 | C-2 | Books | BDT |